000 00621nam a2200193Ia 4500
005 20260114185821.0
008 008 260114s9999 xx 000 0 eng d
020 _a9781474219235
037 _aEBOOK
040 _aCRL
_beng
_cCRL
041 _aeng
_2eng
084 _qCRL
100 _aIda Ostenberg, Simon Malmberg and Jonas Bj›rnebye
_9874763
245 4 _aThe Moving City Processions, Passages and Promenades in Ancient Rome
260 _bBloomsbury
_c2015
856 _uhttps://doi.org/10.5040/9781474219235?locatt=label:secondary_bloomsburyCollections
942 _cEBOOK
999 _c1473697
_d1473697